书目信息 |
| 题名: |
安全心理与行为管理
|
|
| 作者: | 邵辉 , 赵庆贤 , 葛秀坤 编著 | |
| 分册: | ||
| 出版信息: | 北京 化学工业出版社 2017.02 |
|
| 页数: | 263页 | |
| 开本: | 26cm | |
| 丛书名: | ||
| 单 册: | ||
| 中图分类: | X911 | |
| 科图分类: | ||
| 主题词: | 安全心理学--an quan xin li xue--高等学校--教材 | |
| 电子资源: | ||
| ISBN: | 978-7-122-27118-1 | |
| 000 | 01099nam0 2200277 450 | |
| 001 | 012017001711 | |
| 005 | 20201103164836.04 | |
| 010 | @a978-7-122-27118-1@dCNY40.00 | |
| 100 | @a20170222d2017 em y0chiy50 ea | |
| 101 | 0 | @achi |
| 102 | @aCN@b110000 | |
| 105 | @aak a 000yy | |
| 200 | 1 | @a安全心理与行为管理@Aan quan xin li yu hang wei guan li@f邵辉, 赵庆贤, 葛秀坤等编著@Fshao hui, zhao qing xian, ge xiu kun deng bian zhu |
| 205 | @a第2版 | |
| 210 | @a北京@c化学工业出版社@d2017.02 | |
| 215 | @a263页@c图@d26cm | |
| 300 | @a“十二五”普通高等教育本科国家级规划教材 | |
| 320 | @a有书目 | |
| 330 | @a本书共分8章, 分别为概论、人的心理特征与安全、生产过程中人的生理心理状态与安全、人的行为与安全、影响人心理与行为的生产环境因素、安全管理行为与安全、安全文化与安全行为管理、不安全行为的预防与控制。 | |
| 606 | 0 | @a安全心理学@Aan quan xin li xue@x高等学校@j教材 |
| 690 | @aX911@v5 | |
| 701 | 0 | @a邵辉@Ashao hui@4编著 |
| 701 | 0 | @a赵庆贤@Azhao qing xian@4编著 |
| 701 | 0 | @a葛秀坤@Age xiu kun@4编著 |
| 801 | 0 | @aCN@c20170815 |
| 905 | @a河南城建学院图书馆@b21322948@dX911@eS327=2@f1 | |
| 安全心理与行为管理/邵辉, 赵庆贤, 葛秀坤等编著.-第2版.-北京:化学工业出版社,2017.02 |
| 263页:图;26cm |
| “十二五”普通高等教育本科国家级规划教材 |
| ISBN 978-7-122-27118-1:CNY40.00 |
| 本书共分8章, 分别为概论、人的心理特征与安全、生产过程中人的生理心理状态与安全、人的行为与安全、影响人心理与行为的生产环境因素、安全管理行为与安全、安全文化与安全行为管理、不安全行为的预防与控制。 |
| ● |
| 相关链接 |
|
|
|
正题名:安全心理与行为管理
索取号:X911/S327=2
 
预约/预借
| 序号 | 登录号 | 条形码 | 馆藏地/架位号 | 状态 | 备注 |
| 1 | 1322948 | 213229488 | 自科库501/501自科库 118排2列5层/ [索取号:X911/S327=2] | 在馆 | |
| 2 | 1501330 | 215013303 | 自科库501/501自科库 118排2列5层/ [索取号:X911/S327=2] | 在馆 |